000 00378nam a2200145Ia 4500
008 150201s2005 xx 000 0 und d
082 _a614.4
_bC2005F
100 _aFLETCHER,ROBERT
245 _aCLINICAL EPIDOMOLOGY : THE ESSENTIALS
250 _a1ST
260 _bLIPPINCOTT PUBLICATION
_aPHILADELPHIA
_c2005
300 _a1-252
650 _aORAL PATHOLOGY
942 _2ddc
_cBK
999 _c4171
_d4171